书目信息 |
| 题名: |
中亚文明史
|
|
| 作者: | 丹尼 , 马松 主编 ;芮传明 译 | |
| 分册: | 第一卷 文明的曙光:远古时代至公元前700年 | |
| 出版信息: | 北京 中国对外翻译出版公司 2002 |
|
| 页数: | 444页 | |
| 开本: | 24cm | |
| 丛书名: | ||
| 单 册: | ||
| 中图分类: | K360.3 | |
| 科图分类: | ||
| 主题词: | 文化史--中亚--远古时代~前700 | |
| 电子资源: | ||
| ISBN: | 7-5001-0823-0 | |
| 000 | 00996nam0 2200253 45 | |
| 001 | 012002032520 | |
| 005 | 20041229085906.4 | |
| 010 | @a7-5001-0823-0@dCNY56.00 | |
| 100 | @a20020405d2002 em y0chiy0110 ea | |
| 101 | 1 | @achi@ceng |
| 102 | @aCN@b110000 | |
| 105 | @aa z 001yy | |
| 200 | 1 | @a中亚文明史@Azhong ya wen ming shi@dHistory of Civilizations of Central Asia@h第一卷@i文明的曙光:远古时代至公元前700年@f(巴基斯坦)A.H.丹尼,(俄罗斯)V.M.马松主编@F(Ba Ji Si Tan)A.H.Dan Ni,(E Luo Si)V.M.Ma Song Zhu Bian@g芮传明译 |
| 210 | @a北京@c中国对外翻译出版公司@d2002 | |
| 215 | @a444页@c图@d24cm | |
| 300 | @a附录:释本书“中亚”一词的含义 | |
| 330 | @a本卷追溯了中亚广大地区从旧石器时代开始,直到大约公元前700年伟大的阿黑门尼德帝国奠定建国基础之时的人类历史。 | |
| 606 | 0 | @a文化史@y中亚@z远古时代~前700 |
| 690 | @aK360.3@v4 | |
| 701 | 0 | @a丹尼@4主编 |
| 701 | 0 | @a马松@4主编 |
| 702 | 0 | @a芮传明@ARui Chuan Ming@4译 |
| 801 | 0 | @aCN@bNLC@c20020419 |
| 905 | @b340979@dK360.3@e5:1@f1 | |
| 中亚文明史=History of Civilizations of Central Asia.第一卷.文明的曙光:远古时代至公元前700年/(巴基斯坦)A.H.丹尼,(俄罗斯)V.M.马松主编/芮传明译.-北京:中国对外翻译出版公司,2002 |
| 444页:图;24cm |
| 附录:释本书“中亚”一词的含义 |
| ISBN 7-5001-0823-0:CNY56.00 |
| 本卷追溯了中亚广大地区从旧石器时代开始,直到大约公元前700年伟大的阿黑门尼德帝国奠定建国基础之时的人类历史。 |
| ● |
| 相关链接 |
|
|
|
|
正题名:中亚文明史
索取号:K360.3/5:1
 
预约/预借
| 序号 | 登录号 | 条形码 | 馆藏地/架位号 | 状态 | 备注 |
| 1 | 0340979 | 203409793 | 第二样本阅览室/ [索取号:K360.3/5:1] | 在馆 |